LIBRARY & INFORMATION CENTRE, KCAET, TAVANUR

ONLINE PUBLIC ACCESS CATALOGUE (OPAC)

Book of Short Stories / (Record no. 4394)

MARC details
000 -LEADER
fixed length control field 00304cam a2200121ua 4500
082 ## - DEWEY DECIMAL CLASSIFICATION NUMBER
Classification number 823.301
Item number BHA/BO
100 ## - MAIN ENTRY--AUTHOR NAME
Personal name Bhattacharya, A .
245 ## - TITLE STATEMENT
Title Book of Short Stories /
260 ## - PUBLICATION, DISTRIBUTION, ETC. (IMPRINT)
Place of publication Culcutta :
Name of publisher Indian Press Ltd ,
Year of publication 1970.
300 ## - PHYSICAL DESCRIPTION
Number of Pages 148 ; .
700 1# - ADDED ENTRY--PERSONAL NAME
Personal name Essauloff, K .
942 ## - ADDED ENTRY ELEMENTS (KOHA)
Koha item type Books
Holdings
Withdrawn status Lost status Damaged status Home library Current library Date acquired Full call number Accession Number Koha item type
      KAUAET KAUAET 07/04/2012 823.301 13273 Books
      KAUAET KAUAET 07/04/2012 823.301 13272 Books
Withdrawn     KAUAET Sanskrit University 07/04/2012 823.301 13274 Books
free website counter